00749 a2200205 4500020001800000020001800018082001200036090001300048100002100061245012000082260004300202300002100245490005300266700001700319700001900336830005300355942002500408999001700433952009300450 a9781584885856 a978158488585604a620.105 c234d2341 aSofonea, Mircea.10aAnalysis and approximation of contact problems with adhesion or damage /cMircea Sofonea, Weimin Han, Meir Shillor. a[S.l.] :bChapman and Hall/CRC,c2005. a220 p. ;c24 cm.1 aChapman & hall/crc pure and applied mathematics.1 aHan, Weimin.1 aShillor, Meir. 0aChapman & hall/crc pure and applied mathematics. aSNScBKk620.105 SOF c28870d28870 00104070aSNSbSNSd2016-05-26l0o620.105 SOFpSNS0000140r2016-05-26w2016-05-26yBK